00756nam a2200157 a 450000100100000000500170001000800410002704000250006808200150009310000180010824500980012626000270022430000210025150003040027270000220057600003584720200930074648.0111115s1960 fr 000 0 fre d aDO-SdBNPbspacBNPHU axxxbF219p1 aFarau, Alfred13aLa psychologie des profondeurs :bDes origines a nos jours /cAlfred Farau, Herbert Schaffer. aParis :bPayot,c1960. a215 p. ;c23 cm. aLes precurseurs de Freud. - Freud et la psychanalyse. - Adler et la psychologie individuelle comparée. - C. G. Jung. - Les écoles mineures.- L´analyse existentielle. - Réflexologie et intentionnalité.- Les méthodes. - La thérapie sociale.- La psychiatrie.- La médecine psychosomatique1 aSchaffer, Herbert